[Event "EICC 2019"]
[Site "Skopia"]
[Date "2019.03.29"]
[Round "11.29"]
[White "Stupak, Kirill"]
[Black "Sarana, Alexey"]
[Result "1/2-1/2"]
[WhiteElo "2537"]
[BlackElo "2625"]
[Annotator "TA"]
[PlyCount "134"]
[EventDate "2019.03.18"]
[EventType "swiss"]
[EventCountry "MKD"]
[SourceTitle "playchess.com"]
[Source "ChessBase"]
[SourceQuality "1"]

{[%evp 20,134,29,20,39,30,65,39,27,25,63,20,45,43,109,86,122,43,40,33,33,25,48,14,39,43,31,23,25,0,0,0,0,0,0,0,0,-11,-13,-11,0,-4,0,0,0,0,5,4,10,0,10,0,0,0,0,0,0,0,0,0,0,0,0,-2,0,0,0,-2,-2,-2,-2,-2,0,-2,0,-2,0,-2,-2,-2,0,0,0,0,0,-8,0,-4,0,0,0,-12,0,-12,-12,-14,-11,-26,-26,-34,0,-41,0,-19,0,-19,-19,-19,-19,-19,-19,-22,0,0,0,0,0]} 1. d4 Nf6 2. c4 e6 3. Nf3 d5 4. Nc3 Bb4 5. Qa4+ Nc6 6. e3 O-O 7. Qc2 dxc4 8. Bxc4 a6 9. a3 Bd6 10. O-O e5 11. h3 Bd7 {E51: Nimzo-Indian: Rubinstein: 4...0-0 5 Nf3 d5} 12. Rd1 Qe7 $146 ({Predecessor:} 12... exd4 13. exd4 h6 14. Be3 Ne7 15. Ne5 b5 16. Ba2 c6 17. Ne4 Nxe4 18. Qxe4 Bf5 19. Qf3 {1-0 (37) Mamedyarov,S (2768)-Inarkiev,E (2709) Doha 2016}) 13. d5 Na7 {White is slightly better.} 14. e4 Nh5 15. Bd3 Nb5 16. Ne2 g6 ({Better is} 16... c5 $14) 17. Bh6 Ng7 18. Ng3 (18. Bc4 $16) 18... c5 $14 19. dxc6 Bxc6 20. Bc4 Kh8 21. Qb3 Rad8 22. Bd5 Bxd5 23. Rxd5 Rfe8 24. Bxg7+ Kxg7 25. Rad1 Nc7 26. R5d2 Ne6 27. Ne2 Bc5 28. Rxd8 Rxd8 29. Rxd8 Nxd8 30. Nc3 Nc6 31. Nd5 Qd7 32. Qc3 Qd6 33. b4 Ba7 34. Kf1 f6 35. Ke2 Qd7 36. Qc4 (36. g4 {looks sharper.} Bd4 37. Qc1 Ba7 38. a4 h6 39. Qc4) 36... Nd8 37. Qc7 Qxc7 38. Nxc7 $11 {[%mdl 4096] Endgame KBN-KNN} Kf7 39. Nd2 Ne6 40. Nxe6 Kxe6 {KB-KN} 41. Nb3 b5 42. f3 f5 43. g3 Kf6 44. Nc1 Bb6 45. Nd3 Bd4 46. Kf1 Kg5 47. Kg2 h6 48. Kh2 Kf6 49. Kg2 Be3 50. Kf1 Bb6 51. Nc1 Bc7 52. Nb3 Bb6 53. Nc1 Ke6 54. Nd3 a5 55. Kg2 a4 56. Kf1 Be3 57. Ke2 Bd4 58. Kf1 Kf6 59. Kg2 Kg5 60. Kh2 Be3 61. Kg2 {The position is equal.} f4 62. g4 Kh4 63. Kh2 (63. Nxe5 Bc1 $17) 63... Bd2 64. Kg2 $1 ({Don't blunder} 64. Nxe5 $2 Bxb4 $1 {[%mdl 512]} 65. Nc6 Bxa3 $19) 64... Kg5 65. Kh2 ({Don't go for} 65. Nxe5 $2 {[#]} Bxb4 $1 {[%mdl 512]} 66. Nc6 Bxa3 $19) 65... Kf6 66. Kg2 Ke7 67. Kf2 ({Don't play} 67. Nxe5 Bc1 $17) 67... Bc3 {Accuracy: White = 54%, Black = 53%.} 1/2-1/2

[Event "EICC 2019"]
[Site "Skopia"]
[Date "2019.03.29"]
[Round "11.30"]
[White "Postny, Evgeny"]
[Black "Pultinevicius, Paulius"]
[Result "0-1"]
[WhiteElo "2619"]
[BlackElo "2439"]
[Annotator "TA"]
[PlyCount "84"]
[EventDate "2019.03.18"]
[EventType "swiss"]
[EventCountry "MKD"]
[SourceTitle "playchess.com"]
[Source "ChessBase"]
[SourceQuality "1"]

{[%evp 9,84,16,28,19,21,28,24,11,2,6,20,14,43,37,39,30,25,22,30,19,29,21,23,21,18,19,26,2,6,-24,0,-58,-16,-79,-79,-79,-91,-86,-56,-187,-163,-241,-226,-226,-167,-343,-312,-718,-720,-1289,-1262,-1233,-1259,-1079,-741,-29981,-734,-29982,-12152,-29983,-12152,-12152,-6307,-6295,-6287,-5585,-5565,-12152,-11219,-6295,-6223,-6231,-6219,-5310,-5310,-5310,-1459]} 1. d4 Nf6 2. c4 g6 3. Nf3 Bg7 4. e3 O-O 5. Be2 b6 (5... d6 6. O-O Nbd7 7. Nc3 e5 8. Qc2 c6 9. b3 Re8 10. Ba3 exd4 11. Nxd4 Nc5 12. Rad1 Qe7 13. b4 Nce4 14. Bb2 Nxc3 15. Qxc3 d5 16. Nb3 Nh5 17. Nd4 Nf6 18. a3 {½-½ (32) Mamedyarov,S (2817)-Nepomniachtchi,I (2763) Wijk aan Zee 2019}) 6. O-O {E60: King's Indian: Unusual lines and Fianchetto Variation without Nc3} Bb7 7. Nc3 e6 8. b3 {White has an edge.} Qe7 9. Bb2 d6 10. Qc2 Nbd7 11. e4 a6 12. Rfe1 c5 $146 ({Predecessor:} 12... Nh5 13. Rad1 Rad8 14. Bc1 c6 15. Bg5 f6 16. Bc1 Bh8 17. d5 cxd5 18. cxd5 {0-1 (33) Marshall,M (1917)-Collier,D (2093) Paington 2008}) 13. d5 exd5 14. exd5 Rae8 {[%cal Ba8e8,Be8e7,Be7e3][%mdl 32]} 15. Rad1 Bc8 16. h3 Qd8 17. Nh2 Re7 18. Rf1 Rfe8 19. f4 Re3 20. Bf3 ({Better is} 20. Rf3 $11) 20... Nf8 (20... b5 $5 21. Rd3 Rxd3 22. Qxd3 Qa5 $17) 21. Qf2 (21. Rd2 $11) 21... Nh5 $17 22. Bxh5 gxh5 23. Qc2 Qh4 {...Bxh3! is the strong threat.} 24. Na4 (24. f5 $15) 24... Bxb2 $1 $19 25. Qxb2 {[#]} (25. Nxb2 $142 Bxh3 26. Rd3) 25... Bxh3 $1 {[%mdl 512]} 26. Nf3 ({Don't blunder} 26. gxh3 $2 Re2 $19) 26... Qxf4 27. Nxb6 $2 (27. Rd2) 27... Ng6 ({Not} 27... Re2 28. Rd2 $15) 28. Rde1 $2 {[#]} (28. Nh2 Qg5 29. Nf3) 28... Nh4 $1 {[%cal Rh4f3]} 29. Rxe3 Qxe3+ 30. Rf2 Nxf3+ 31. gxf3 Qg5+ 32. Kh2 h4 (32... Qh4 $142 33. Qd2 Kh8 34. Kg1 Rg8+ 35. Rg2 Rxg2+ 36. Qxg2 Bxg2 37. Kxg2 Qg5+ 38. Kf2 h4 39. Ke2 h3 40. Nd7 h2 41. Nxc5 h1=Q 42. Nd3 Qhg2+ 43. Nf2 Qe5+ 44. Kd3 Qxf2 45. b4 Qee3#) 33. Qd2 Qg3+ 34. Kh1 Re5 (34... Kh8 $142 35. Qb2+ {[#]} f6 $1 {[%mdl 512]} 36. Qa1 Qxf2 37. Qxf6+ Kg8 38. Qg5+ Kf7 39. Qh5+ Kf6 40. Qh6+ Ke5 41. Qg5+ Kd4 42. Qg7+ Kd3 43. Qxh7+ Kd2 44. Qh6+ Kd1 45. Qg7 Re1+ 46. Qg1 Rxg1#) 35. Nd7 {Black is clearly winning.} Rg5 {[%csl Gg5][%cal Rg3g1]} 36. Nf6+ Kh8 {[%csl Gg5][%cal Rg3g1]} 37. Ng4 Bxg4 38. fxg4 Qh3+ 39. Kg1 Rxg4+ 40. Rg2 Rxg2+ 41. Qxg2 Qxg2+ 42. Kxg2 Kg7 {Accuracy: White = 36%, Black = 70%.} (42... a5 $142 43. Kh3 Kg7 44. Kxh4 Kf6) 0-1

[Event "EICC 2019"]
[Site "Skopia"]
[Date "2019.03.29"]
[Round "11.31"]
[White "Martirosyan, Haik M."]
[Black "Sychev, Klementy"]
[Result "1-0"]
[WhiteElo "2616"]
[BlackElo "2545"]
[Annotator "TA"]
[PlyCount "97"]
[EventDate "2019.03.18"]
[EventType "swiss"]
[EventCountry "MKD"]
[SourceTitle "playchess.com"]
[Source "ChessBase"]
[SourceQuality "1"]

{[%evp 9,97,5,14,4,4,0,3,11,25,10,17,10,8,-10,-6,-3,29,39,37,3,23,11,31,-14,29,0,0,0,13,-8,0,-7,16,0,0,0,25,19,16,12,6,0,0,0,54,56,68,33,72,-7,81,61,64,4,124,3,2,0,46,32,268,284,263,255,437,698,678,691,700,688,652,606,1231,1220,29939,29939,12849,29942,29940,12850,6409,4922,7106,7219,6085,6195,6287,5118,29984,29985]} 1. d4 Nf6 2. Nf3 g6 3. b3 Bg7 4. Bb2 b6 (4... O-O 5. e3 d5 6. c4 c5 7. dxc5 Qa5+ 8. Nbd2 Qxc5 9. Rc1 Nc6 10. a3 a5 11. Be2 Rd8 12. O-O dxc4 13. Nd4 Nxd4 14. Bxd4 Qxa3 15. Nxc4 {0-1 (57) Nakamura,H (2769)-Mamedyarov,S (2808) Paris 2018}) 5. c4 Bb7 6. e3 {A48: 1 d4 Nf6 2 Nf3 g6: Torre, London and Colle Systems} e6 7. Be2 O-O 8. O-O {The position is equal.} d6 9. Nc3 Ne4 10. Qc2 f5 11. d5 $146 ({Predecessor:} 11. Rfd1 Nd7 12. b4 Qe7 13. Nd2 Nxd2 14. Qxd2 {0-1 (67) Xu,Y (2536)-Bai,J (2594) Tianjin 2018}) 11... Nxc3 12. Bxc3 e5 13. b4 Nd7 14. Nd2 Nf6 15. a4 Rb8 16. f4 Nd7 17. Nf3 Re8 18. Ng5 Nf8 19. Bd3 Bf6 20. Nh3 Bc8 21. Nf2 exf4 22. exf4 Bd7 23. c5 bxc5 24. bxc5 dxc5 25. Bc4 {aiming for d6+.} Kg7 $1 26. Nd3 Bxc3 (26... c6 $1 $11) 27. Qxc3+ $14 Qf6 28. Ne5 {[%mdl 1024] White has compensation.} Re7 29. a5 (29. Bb5 $16) 29... Be8 (29... g5 $1 $11 30. Rac1 gxf4) 30. Rfe1 $16 Rb4 31. g3 (31. Rac1 $14) 31... h6 {[#]} (31... Bb5 $1 $11 {keeps the balance.} 32. Bxb5 {[%mdl 64] Discovered Attack} Rxb5) 32. Bf1 (32. Rac1 $1 $16) 32... Nd7 $11 33. Rac1 {Hoping for Nxd7.} Kg8 (33... Bf7 $5) 34. Bc4 $36 {[%mdl 2048] And now d6+ would win. White is more active.} Kh7 $2 (34... Bf7 $1 $14) 35. Nc6 $18 Rxe1+ 36. Qxe1 Bf7 $2 (36... Rxc4 {was worth a try.} 37. Rxc4 Bf7) 37. Nxb4 cxb4 38. d6 Bxc4 39. dxc7 ({Not} 39. Rxc4 Qxd6 40. Qxb4 (40. Rxb4 Qc5+ 41. Kg2 Qc6+ 42. Kg1 Qc5+ 43. Kf1 Nf6 $16) 40... Qd1+ 41. Kf2 c5 $16) 39... Ba6 40. Qxb4 Bc8 41. Re1 Kg8 42. Re8+ {[%mdl 64] Double Attack} Kf7 43. Rxc8 {[%mdl 4096] Endgame KQR-KQN} Qa1+ 44. Kg2 {Intending Qc4+ and mate.} Qa2+ 45. Kf1 {White threatens Rf8+! and mate.} Qd5 {[#]} 46. Rf8+ $1 {[%mdl 576] Clearance, Promotion} Nxf8 47. c8=Q {[%csl Gc8][%cal Rb4f8]} Qf3+ {[#]} 48. Ke1 $1 {[%csl Gc8][%cal Rb4f8]} Qe4+ 49. Qxe4 {Accuracy: White = 45%, Black = 27%.} 1-0

[Event "EICC 2019"]
[Site "Skopia"]
[Date "2019.03.29"]
[Round "11.32"]
[White "Petrosyan, Manuel"]
[Black "Saric, Ivan"]
[Result "1/2-1/2"]
[WhiteElo "2564"]
[BlackElo "2703"]
[Annotator "TA"]
[PlyCount "59"]
[EventDate "2019.03.18"]
[EventType "swiss"]
[EventCountry "MKD"]
[SourceTitle "playchess.com"]
[Source "ChessBase"]
[SourceQuality "1"]

{[%evp 28,59,31,26,36,0,0,0,0,0,0,0,0,0,-5,-1,0,-5,0,0,0,0,0,0,0,0,0,0,0,0,0,0,0,0]} 1. d4 Nf6 2. c4 e6 3. Nf3 d5 4. Nc3 c6 5. Bg5 h6 6. Bxf6 Qxf6 7. e3 Nd7 8. Be2 dxc4 9. Bxc4 g6 10. O-O Bg7 11. Re1 {D43: Semi-Slav: 5 Bg5 h6} O-O 12. e4 e5 13. d5 Nb6 14. Bb3 Rd8 15. Re3 {[#] LiveBook: 4 Games} (15. h3 Bf8 16. Qe2 Bd7 17. Red1 {½-½ (78) Grischuk,A (2771)-Sevian,S (2642) Astana 2019}) 15... cxd5 $146 ({Predecessor:} 15... Bd7) 16. Nxd5 Nxd5 {The position is equal.} 17. Bxd5 Be6 18. Rd3 Bxd5 19. Rxd5 Qb6 20. b3 Rxd5 21. Qxd5 Rc8 22. Qd3 Qa5 (22... Qb4 {seems wilder.} 23. g3 Rc3 24. Qd2 Qc5 25. Ne1 Qc6) 23. Qe2 Qa6 24. Qxa6 bxa6 $11 {[%mdl 4096] Endgame KRB-KRN} 25. Rd1 Rc2 26. h4 Rxa2 27. Rd8+ Kh7 28. Rd7 Kg8 29. Rd8+ Kh7 30. Rd7 {Precision: White = 77%, Black = 88%.} 1/2-1/2

[Event "EICC 2019"]
[Site "Skopia"]
[Date "2019.03.29"]
[Round "11.33"]
[White "Grigoriants, Sergey"]
[Black "Melkumyan, Hrant"]
[Result "0-1"]
[WhiteElo "2543"]
[BlackElo "2661"]
[Annotator "TA"]
[PlyCount "94"]
[EventDate "2019.03.18"]
[EventType "swiss"]
[EventCountry "MKD"]
[SourceTitle "playchess.com"]
[Source "ChessBase"]
[SourceQuality "1"]

{[%evp 14,94,0,0,6,0,0,-19,-23,-29,-25,-44,-37,-37,-37,-60,-60,-68,-66,-74,-32,-29,7,-35,0,-21,-19,-21,0,-34,-15,-74,-38,-46,-62,-77,-85,-99,-97,-95,-52,-125,-152,-127,-119,-218,-216,-212,-229,-236,-224,-230,-235,-226,-206,-231,-183,-190,-230,-218,-225,-217,-118,-114,-58,-373,-62,-57,-63,-266,-146,-193,-193,-193,-193,-312,-312,-312,-311,-822,-812,-5823,-5800]} 1. Nf3 d5 2. d4 Nf6 3. c4 e6 4. g3 dxc4 5. Bg2 c6 6. O-O b5 7. b3 {E04: Open Catalan: 5 Nf3} (7. a4 Bb7 8. Ne5 a6 9. b3 cxb3 10. Qxb3 Be7 11. Nc3 b4 12. Rd1 a5 13. Bg5 O-O 14. Bxf6 gxf6 {1-0 (37) Mchedlishvili,M (2603)-Eljanov,P (2711) Riadh 2017}) 7... cxb3 8. axb3 {LiveBook: 4 Games} Nbd7 9. Bd2 {The position is equal.} a5 $146 ({Predecessor:} 9... Bb7 10. Ba5 Qb8 11. b4 Be7 12. Nbd2 O-O 13. e4 Bd8 14. Re1 Bxa5 15. Rxa5 {1-0 (43) Luppi,D (2353)-Tucci,A (2404) ICCF email 2009}) 10. b4 {[%cal Rb4a5]} a4 11. Qc2 Bb7 12. e4 Be7 13. Bc3 O-O 14. Nbd2 Qb6 15. Qb2 Rfd8 16. Ne1 Nf8 17. Nd3 Bc8 {[%cal Bb7c8,Bc8d7,Bd7e8,Be8f7][%mdl 32]} 18. h3 Bd7 19. Kh2 Be8 20. f4 N6d7 {[%cal Bf6d7,Bd7b6,Bb6c4][%mdl 32]} 21. Rfe1 f6 22. Nf3 (22. Nf1 $11) 22... Bf7 23. h4 Qc7 24. Qf2 Nb6 25. Re2 Nc4 26. Bh3 a3 27. Nd2 {[#]} ({White should try} 27. e5 $15) 27... e5 $1 $17 {[%mdl 512]} 28. fxe5 {[#]} (28. dxe5 Rxd3) 28... Nxe5 $1 {[%mdl 512]} 29. Nxe5 (29. Nf4 $17 Neg6 30. Nxg6 Nxg6 31. h5) 29... fxe5 $19 30. Nf3 exd4 31. Nxd4 Bf6 32. e5 Bxe5 33. Rae1 Bf6 {Hoping for ...Qb6.} 34. Ne6 Bxe6 35. Bxf6 gxf6 36. Bxe6+ Nxe6 37. Rxe6 {intending Re7.} a2 ({Better is} 37... Qa7 $19 38. Qf4 Qd7) 38. Ra1 $17 Qa7 (38... Rd5 $17 39. Re2 Qd6 40. Raxa2 Rxa2 41. Rxa2 Rd3) 39. Qf4 $2 {[%mdl 8192]} (39. Qe2 $1 $15) 39... Qg7 $2 (39... Rd4 $19 40. Qe3 Kf7) 40. Re2 $1 $15 Qf7 {Threatens to win with ...Ra6.} 41. Qf3 $2 {[#]} (41. Qf2 $15) 41... Re8 (41... Ra6 $1 $19 42. Rc2 Kh8) 42. Rc2 Ra6 43. Qg2 {[%cal Rc2a2]} Rea8 44. Qf3 (44. Rxc6 $142 Ra3 45. Rc3) 44... Qe6 $19 45. Re2 Ra3 46. Qh5 $2 (46. Qf2 Qb3 47. Rb2) 46... Re3 47. Rd2 {[#]} Rxg3 $1 {[%mdl 512] Precision: White = 32%, Black = 48%.} 0-1

[Event "EICC 2019"]
[Site "Skopia"]
[Date "2019.03.29"]
[Round "11.34"]
[White "Alekseenko, Kirill"]
[Black "Moroni, Luca Jr"]
[Result "1/2-1/2"]
[WhiteElo "2644"]
[BlackElo "2564"]
[Annotator "TA"]
[PlyCount "59"]
[EventDate "2019.03.18"]
[EventType "swiss"]
[EventCountry "MKD"]
[SourceTitle "playchess.com"]
[Source "ChessBase"]
[SourceQuality "1"]

{[%evp 30,59,16,13,23,16,46,41,41,42,57,38,29,0,52,33,31,0,0,0,28,3,17,0,7,0,0,0,0,0,0,0]} 1. e4 e5 2. Nf3 Nc6 3. Bb5 a6 4. Ba4 Nf6 5. O-O Be7 6. Re1 b5 7. Bb3 d6 8. c3 O-O 9. h3 Nb8 10. d4 Nbd7 11. Nbd2 Bb7 12. Bc2 Re8 13. a4 Bf8 14. Bd3 c6 15. b3 g6 16. Bb2 Bg7 {C95: Closed Ruy Lopez: Breyer Variation with 10 d4} 17. Qc2 Qb6 18. b4 Nh5 {White is slightly better.} 19. Bf1 Rac8 20. axb5 cxb5 21. d5 Ng3 (21... Rf8 $11) 22. Bd3 $14 Rf8 23. Nf1 (23. c4 {with more complications.} f5 24. exf5 Nxf5 25. Qb3 Ne7 26. Re2) 23... Nxf1 24. Rxf1 {[#]} Bh6 $146 25. Nh2 Qc7 {The position is equal.} 26. Ng4 Bg7 27. Ne3 Bh6 28. Ng4 Bg7 29. Ne3 Bh6 30. Ng4 {Accuracy: White = 54%, Black = 50%.} 1/2-1/2

[Event "EICC 2019"]
[Site "Skopia"]
[Date "2019.03.29"]
[Round "11.35"]
[White "Zhigalko, Andrey"]
[Black "Yilmaz, Mustafa"]
[Result "1/2-1/2"]
[WhiteElo "2541"]
[BlackElo "2636"]
[Annotator "TA"]
[PlyCount "79"]
[EventDate "2019.03.18"]
[EventType "swiss"]
[EventCountry "MKD"]
[SourceTitle "playchess.com"]
[Source "ChessBase"]
[SourceQuality "1"]

{[%evp 17,79,14,26,26,26,28,21,21,21,21,20,24,19,19,25,0,0,0,20,21,35,33,23,36,55,42,54,52,60,47,57,50,63,65,65,61,47,54,47,52,60,43,43,25,24,24,40,0,0,0,0,-28,-23,-8,49,42,42,42,42,42,42,42,28,28]} 1. d4 Nf6 2. c4 e6 3. Nc3 c5 4. d5 exd5 5. cxd5 d6 6. Nf3 g6 7. Nd2 Bg7 8. Nc4 O-O 9. Bf4 Ne8 10. e3 {A61: Modern Benoni: Nf3 without early e4} Nd7 11. Nxd6 $146 ({Predecessor:} 11. a4 Ne5 12. Qd2 f5 13. a5 Bd7 14. Be2 Nxc4 15. Bxc4 Qf6 16. Bg3 Nc7 17. O-O b5 18. axb6 axb6 {½-½ (39) Jankovic,A (2559)-Chatalbashev,B (2560) Bad Gleichenberg 2013}) 11... Nxd6 12. Bxd6 {The position is equal.} Bxc3+ 13. bxc3 Qf6 14. Bxf8 Qxc3+ 15. Ke2 Qb2+ 16. Ke1 Qc3+ 17. Ke2 Qb2+ 18. Kf3 {aiming for Bd6.} Kxf8 19. Qc1 Qe5 20. Ke2 b6 21. f3 $1 Nf6 {[%cal Bd7f6,Bf6d5,Bd5c3][%mdl 32]} 22. Kf2 Nxd5 23. Bc4 Nc3 24. a4 {Hoping for Ra3.} Bd7 25. Qc2 Bf5 26. Qd2 {[#] And now Rhc1 would win.} Qf6 $1 {White must now prevent ...Rd8.} 27. Rhc1 Ne4+ $1 28. fxe4 Be6+ 29. Kg1 Bxc4 30. Qc3 Qxc3 31. Rxc3 $11 {[%mdl 4096] Endgame KRR-KRB} Be6 32. a5 Rb8 $1 33. axb6 axb6 34. Rb1 {[#] Threatens to win with Rxc5!} c4 35. Rc2 Ke7 (35... b5 $11) 36. Rcb2 $1 $14 Kd6 37. Rxb6+ Rxb6 38. Rxb6+ Ke5 39. Kf2 {Strongly threatening Kf3.} Kxe4 40. Ke2 {Accuracy: White = 84%, Black = 86%.} 1/2-1/2

[Event "EICC 2019"]
[Site "Skopia"]
[Date "2019.03.29"]
[Round "11.36"]
[White "Shevchenko, Kirill"]
[Black "Salgado Lopez, Ivan"]
[Result "1/2-1/2"]
[WhiteElo "2535"]
[BlackElo "2622"]
[Annotator "TA"]
[PlyCount "45"]
[EventDate "2019.03.18"]
[EventType "swiss"]
[EventCountry "MKD"]
[SourceTitle "playchess.com"]
[Source "ChessBase"]
[SourceQuality "1"]

{[%evp 21,45,0,-10,0,0,-16,0,-11,12,0,0,0,0,0,0,0,0,0,0,0,12,0,8,0,4,0]} 1. d4 e6 2. c4 b6 3. Nf3 Bb7 4. Nc3 Nf6 5. a3 d5 6. cxd5 Nxd5 7. Qc2 Nxc3 8. bxc3 Be7 9. e4 O-O 10. Bd3 c5 11. O-O Qc7 {The position is equal.} 12. Qe2 {E12: Queen's Indian: Unusual White 4th moves, 4 a3, 4 Nc3 Bb7 5 a3 and 4 Nc3 Bb7} Rd8 13. Bb2 (13. Re1 Nd7 14. d5 exd5 15. exd5 Bf6 16. Ng5 Nf8 17. Qh5 h6 18. Ne4 Be5 19. Bxh6 Rxd5 {0-1 (36) Kazhgaleyev,M (2570)-Le,Q (2739) Ashkhabad 2017}) 13... Bf6 14. Rad1 Nd7 {[%cal Bb8d7,Bd7f8,Bf8g6][%mdl 32]} 15. Rfe1 Rac8 16. h3 Nf8 $146 ({Predecessor:} 16... h6 17. a4 Be7 18. Bc1 cxd4 19. cxd4 Bb4 20. Bd2 Bxd2 21. Rxd2 {½-½ (32) Kaupert,V (2302)-Silva,F (2311) ICCF email 2016}) 17. Qe3 Ng6 18. g3 Nf8 19. h4 Nd7 20. Qe2 Nf8 21. Qe3 Nd7 22. Qe2 Nf8 23. Qe3 {Accuracy: White = 31%, Black = 61%.} 1/2-1/2

[Event "EICC 2019"]
[Site "Skopia"]
[Date "2019.03.29"]
[Round "11.37"]
[White "Dragnev, Valentin"]
[Black "Indjic, Aleksandar"]
[Result "1/2-1/2"]
[WhiteElo "2511"]
[BlackElo "2620"]
[Annotator "TA"]
[PlyCount "28"]
[EventDate "2019.03.18"]
[EventType "swiss"]
[EventCountry "MKD"]
[SourceTitle "playchess.com"]
[Source "ChessBase"]
[SourceQuality "1"]

{[%evp 14,15,18,16]} 1. Nf3 c5 2. c4 Nc6 3. Nc3 Nf6 4. d4 cxd4 5. Nxd4 e6 6. Bf4 d6 {A33: Symmetrical English: 2 Nf3 Nf6 3 d4 cxd4 4 Nxd4 e6 5 Nc3 Nc6} 7. Nxc6 bxc6 8. g3 {LiveBook: 8 Games} {Predecessor:} e5 $146 9. Bg5 Be6 10. Bg2 Rc8 11. Qa4 Qd7 12. Rd1 Be7 13. O-O O-O 14. Bxf6 gxf6 {1-0 (41) Sargissian,G (2657)-Perunovic,M (2608) Heraklio 2017} 1/2-1/2

[Event "EICC 2019"]
[Site "Skopia"]
[Date "2019.03.29"]
[Round "11.38"]
[White "Vocaturo, Daniele"]
[Black "Lomasov, Semyon"]
[Result "1-0"]
[WhiteElo "2616"]
[BlackElo "2559"]
[Annotator "TA"]
[PlyCount "89"]
[EventDate "2019.03.18"]
[EventType "swiss"]
[EventCountry "MKD"]
[SourceTitle "playchess.com"]
[Source "ChessBase"]
[SourceQuality "1"]

{[%evp 19,89,50,50,47,41,31,35,39,50,39,50,47,59,26,35,31,35,34,24,22,31,0,0,0,0,0,0,0,0,0,55,55,38,28,43,31,49,31,63,42,147,150,137,139,144,152,133,132,464,460,469,497,469,470,472,462,448,451,610,466,582,558,1787,1735,1801,1612,1482,1389,29983,29984,29984,29985]} 1. d4 Nf6 2. c4 e6 3. Nc3 Bb4 4. e3 c5 5. Bd3 Nc6 6. Nf3 Bxc3+ 7. bxc3 d6 8. e4 e5 9. d5 Ne7 10. Nh4 h6 {LiveBook: 108 Games. E41: Nimzo-Indian: Rubinstein: 4...c5 5 Bd3, including Hübner Variation} 11. Bd2 $146 ({Predecessor:} 11. Qf3 Bg4 12. Qe3 g5 13. f3 Bd7 14. Nf5 Nxf5 15. exf5 Qa5 16. Bd2 O-O-O 17. g4 Rde8 18. O-O {½-½ (28) Khismatullin,D (2651)-Kovalenko,I (2700) Berlin 2015}) 11... g5 12. Qf3 Ng6 {White is slightly better.} 13. Nxg6 fxg6 14. h4 g4 15. Qd1 Kf7 16. Rb1 b6 17. Be3 Kg7 18. Rb2 Bd7 19. a4 Qe8 20. Qa1 Bxa4 21. Ra2 Bd7 22. Rxa7 Rxa7 23. Qxa7 {Ke2 is the strong threat.} Qa8 24. Qxb6 Qa1+ ({Black should try} 24... Rb8 $11 25. Qxd6 Qa1+ 26. Ke2 Qxh1 27. Qxb8 g3) 25. Qb1 $14 Qxc3+ 26. Bd2 Qa3 27. O-O Rf8 28. g3 Nh7 29. Be2 g5 (29... h5 $14) 30. Qb6 $36 {[%mdl 2048] White is really pushing.} Qa2 31. Bc3 $1 ({Much less strong is} 31. Qxd6 Qxd2 32. Qxd7+ Rf7 $14) 31... Rf6 {[#]} 32. Bb2 $1 {[%cal Bc3b2,Bb2c1,Bc1e3][%mdl 32]} Qa8 {[#]} 33. Ra1 $1 {[%cal Ra1a8]} Qe8 $2 {[%mdl 8192]} (33... Qf8 $16) 34. Ra7 $18 h5 35. Qc7 Nf8 36. hxg5 Rg6 37. Bc1 Kg8 38. Bd1 Kh8 39. Be3 Kg8 40. Rb7 Qa8 41. Rb8 Qa1 42. Qxd7 {White threatens Qe8 and mate.} Qxd1+ 43. Kh2 {Qe8 would kill now.} h4 44. Qf5 hxg3+ 45. fxg3 {Accuracy: White = 75%, Black = 46%.} 1-0

[Event "EICC 2019"]
[Site "Skopia"]
[Date "2019.03.29"]
[Round "11.39"]
[White "Baron, Tal"]
[Black "Bindrich, Falko"]
[Result "1/2-1/2"]
[WhiteElo "2506"]
[BlackElo "2610"]
[Annotator "TA"]
[PlyCount "20"]
[EventDate "2019.03.18"]
[EventType "swiss"]
[EventCountry "MKD"]
[SourceTitle "playchess.com"]
[Source "ChessBase"]
[SourceQuality "1"]

{[%evp 10,20,8,9,25,27,32,28,29,35,33,12,23]} 1. d4 Nf6 2. Nf3 d5 3. Bf4 e6 4. e3 Bd6 5. Bxd6 Qxd6 6. c4 dxc4 {D02: 1 d4 d5 2 Nf3 sidelines, including 2...Nf6 3 g3 and 2...Nf6 3 Bf4} (6... c5 7. cxd5 Nxd5 8. e4 Ne7 9. Na3 O-O 10. Nc4 Qf4 11. dxc5 Qxe4+ 12. Be2 Na6 13. Rc1 Nxc5 14. Qd6 {1-0 (51) Nabaty,T (2690)-Rakhmanov,A (2655) Batumi 2018}) 7. Nbd2 O-O 8. Nxc4 $146 ({Predecessor:} 8. Bxc4 Nc6 9. O-O e5 {½-½ (9) Morgunova,E (1698)-Zabalkansky,A Ivanovo 2011}) 8... Qe7 9. Be2 Nbd7 10. O-O b6 1/2-1/2